000 03494cam a22012494i 4500
003 PE-LiUPU
005 20250813185430.0
008 190715s2018 pe a rb 000 0 spa d
020 _a9972726193
020 _a9789972726194
035 _a(Sirsi) a252294
040 _aPE-LiUPU
_bspa
_cPE-LiUPU
_erda
049 _aPRUA
082 0 4 _a363.68
_bC6
_220
245 0 0 _aClubes y parques para todos /
_ceditor Víctor Juárez Carmona, Véronica Rojas Casele.
264 1 _aLima :
_bMega Trazo,
_c2018.
300 _a203 páginas :
_bilustraciones ;
_c24 centímetros
336 _atext
_2rdacontent
337 _aunmediated
_2rdamedia
338 _avolume
_2rdacarrier
504 _aBibliografía: página 202.
505 0 _aEspacios con vida propia -- Un poco de historia -- De parques a clubes -- Los nuevos parques -- Clubes y parques hoy -- Un engranaje perfecto -- Nuestro legado para el futuro.
526 _aP202
526 _aP201
526 _aP163
526 _aP162
526 _aP161
526 _aP160
526 _aP148
526 _aP147
526 _aP146
526 _aP145
526 _aP144
526 _aP143
526 _aP142
526 _aP141
526 _aP140
526 _aP139
526 _aP138
526 _aP137
526 _aP136
526 _aP135
526 _aP134
526 _aP133
526 _aP129
526 _aP128
526 _aP127
526 _aP120
526 _aP119
526 _aP118
526 _aP116
526 _aP115
526 _aP114
526 _aP110
526 _aP109
526 _aP108
526 _aP104
526 _aP103
526 _aP102
526 _aP99
526 _aP98
526 _aP97
526 _aP96
526 _aP95
526 _aP93
526 _aP90
526 _aP89
526 _aP88
526 _aP83
526 _aP82
526 _aP62
526 _aP59
526 _aP58
526 _aP57
526 _aP51
526 _aP49
526 _aP48
526 _aP47
526 _aP29
526 _aP24
526 _aP20
526 _aP19
526 _aP17
526 _aP15
526 _aP14
526 _aP12
526 _aP10
526 _aP09
526 _aP08
526 _aP07
526 _aP06
526 _aP05
526 _aP04
526 _aP01
650 0 4 _aClubes y parques.
700 1 _aJuárez Carmona, Víctor,
_eeditor.
700 1 _aRojas Casele, Verónica,
_esubeditora.
910 _adbm
_brrch
_crrch
_d20190715
942 _2ddc
_cBOOK
994 _aC0
_bPEPRU
596 _a1
999 _a363.68 C6
_wDEWEY
_c31524
_i80340
_f2021-11-9
_g3
_lCCODEBUL1
_mBUL
_p20.00
_r0
_sY
_tBOOK
_u2019-7-15
_xINGENIERIA
_PP20
_0COMPRA
_o.STAFF. Colección Ciencias Humanas y Educación
_d31524
999 _a363.68 C6
_wDEWEY
_c2
_i80341
_f2021-11-9
_g3
_lCCODEBUL1
_mBUL
_p20.00
_r0
_sY
_tBOOK
_u2019-8-20
_xINGENIERIA
_PP20
_0COMPRA
_o.STAFF. Colección Ciencias Humanas y Educación
999 _a363.68 C6
_wDEWEY
_c3
_i80343
_f2021-11-9
_g3
_lCCODEBUL1
_mBUL
_p20.00
_r0
_sY
_tBOOK
_u2019-8-20
_xINGENIERIA
_PP20
_0COMPRA
_o.STAFF. Colección Ciencias Humanas y Educación
999 _a363.68 C6
_wDEWEY
_c4
_i80342
_f2021-11-9
_g3
_lCCODEBUL1
_mBUL
_p20.00
_r0
_sY
_tBOOK
_u2019-8-20
_xINGENIERIA
_PP20
_0COMPRA
_o.STAFF. Colección Ciencias Humanas y Educación
980 _81
_gALBERTO SANCHEZ Responsable de Automatización